000 00320nam a2200133 i 4500
001 bg
100 1 _aSOKOŁOWSKI, Andrzej
245 0 _aOchrona informacji komputerowych /
_cA. Sokołowski.
260 _aWarszawa,
_c1987.
040 _cBPK
041 _apol
942 _cKS
008 s pl f |000 0 pol
999 _c23767
_d23767
856 _uhttp://koha.tu.koszalin.pl/cgi-bin/koha/opac-detail.pl?biblionumber=23767
_yKatalog online BPK